000 00300nam a22001337a 4500
008 190205b xxu||||| |||| 00| 0 eng d
020 _a076783004955
041 _aeng
080 _a038
100 _a23
101 _aFJA
245 _aSpanish & English Dictionary
_cWilliams,E.B
942 _2udc
_cBK
999 _c54068
_d54068